[Event "Rusia tch 2005"]
[Site "Dagomys RUS"]
[Date "2005.04.28"]
[Round "10.16"]
[White "Smirnov, Pavel"]
[Black "Landa, Konstantin"]
[Result "1/2-1/2"]
[WhiteElo "2624"]
[BlackElo "2571"]
[PlyCount "47"]
[EventDate "2005.04.18"]
[EventType "team"]
[EventRounds "10"]
[EventCountry "RUS"]
[Source "lmi"]
[SourceDate "2005.04.30"]

1. d4 Nf6 2. c4 e6 3. Nc3 Bb4 4. Qc2 d5 5. cxd5 exd5 6. Bg5 h6 7. Bh4 c5 8.
dxc5 g5 9. Bg3 Ne4 10. e3 Qa5 11. Nge2 Bf5 12. Bxb8 Rxb8 13. Nd4 Bd7 14. Bd3
Bxc3+ 15. bxc3 Qxc3+ 16. Qxc3 Nxc3 17. Kd2 Na4 18. Rac1 Rc8 19. Nb3 Ke7 20. Rc2
Rc7 21. Rhc1 Rhc8 22. f3 h5 23. f4 g4 24. Ke2 1/2-1/2

[Event "Rusia tch 2005 femenino"]
[Site "Dagomys RUS"]
[Date "2005.04.19"]
[Round "1.3"]
[White "Kosintseva, Tatiana"]
[Black "Mkrtchian, Lilit"]
[Result "0-1"]
[WhiteElo "2486"]
[BlackElo "2400"]
[PlyCount "132"]
[EventDate "2005.04.18"]
[EventType "team"]
[EventRounds "10"]
[EventCountry "RUS"]
[Source "lmi"]
[SourceDate "2005.04.30"]

1. e4 e5 2. Nf3 Nc6 3. Bc4 Bc5 4. c3 Nf6 5. d3 a6 6. Bb3 d6 7. h3 Ba7 8. Nbd2
O-O 9. Nf1 Be6 10. Ng3 h6 11. Qe2 Bxb3 12. axb3 d5 13. Nf5 Qd7 14. g4 dxe4 15.
dxe4 Rad8 16. Be3 Bxe3 17. Qxe3 Qd3 18. Qxd3 Rxd3 19. Ke2 Rd7 20. Ra4 Rfd8 21.
Rha1 Nh7 22. Ne3 Nf8 23. Nd5 Ne6 24. Rc4 f6 25. Ne3 Nf4+ 26. Kf1 Nxh3 27. Nd5
Kf7 28. Rxa6 bxa6 29. Rxc6 a5 30. Ra6 Rb8 31. Nd2 Nf4 32. Rxa5 Nxd5 33. exd5 c6
34. c4 cxd5 35. c5 Rdb7 36. c6 Rc7 37. Rxd5 Rxc6 38. Rd7+ Kg6 39. Ke2 Rc2 40.
Kd3 Rxb2 41. Kc3 Ra2 42. Ne4 Re2 43. Kd3 Rb2 44. Nd2 Rxd2+ 45. Kxd2 Rxb3 46.
Ke2 Rh3 47. Re7 h5 48. gxh5+ Rxh5 49. Kf3 Rf5+ 50. Kg3 Rf4 51. Ra7 Kh6 52. Rb7
g6 53. Rb5 Kg5 54. Ra5 Re4 55. Rb5 Re1 56. Ra5 f5 57. Rb5 e4 58. Ra5 Rg1+ 59.
Kh2 Rg4 60. Kh3 Kf4 61. Ra3 Rg1 62. Kh2 Rd1 63. Kg2 g5 64. Rb3 g4 65. Rb4 Rd2
66. Rb3 Rd3 0-1

[Event "Rusia tch 2005 femenino"]
[Site "Dagomys RUS"]
[Date "2005.04.19"]
[Round "1.4"]
[White "Semenova, Irina"]
[Black "Slavina, Irina"]
[Result "1/2-1/2"]
[WhiteElo "2292"]
[BlackElo "2415"]
[PlyCount "64"]
[EventDate "2005.04.18"]
[EventType "team"]
[EventRounds "10"]
[EventCountry "RUS"]
[Source "lmi"]
[SourceDate "2005.04.30"]

1. e4 e5 2. Nf3 Nc6 3. Bb5 a6 4. Ba4 Nf6 5. Qe2 b5 6. Bb3 Bc5 7. c3 O-O 8. d3
d6 9. Bg5 Qe7 10. Bd5 Bd7 11. Nh4 g6 12. Qf3 Kg7 13. Nd2 h6 14. Bxf6+ Qxf6 15.
Qxf6+ Kxf6 16. Nhf3 Rab8 17. b4 Bb6 18. O-O a5 19. a3 Ne7 20. Bb3 c5 21. bxa5
Bxa5 22. Rfc1 Rfc8 23. h3 Kg7 24. Ne1 f5 25. Ra2 Ra8 26. f3 Ra7 27. Kf2 Rca8
28. Ke2 Bb6 29. Rca1 Kf6 30. Nc2 Ba5 31. Nb1 f4 32. a4 bxa4 1/2-1/2

[Event "Rusia tch 2005 femenino"]
[Site "Dagomys RUS"]
[Date "2005.04.19"]
[Round "1.5"]
[White "Chernova, Anastasia"]
[Black "Matveeva, Svetlana"]
[Result "0-1"]
[WhiteElo "2081"]
[BlackElo "2423"]
[PlyCount "58"]
[EventDate "2005.04.18"]
[EventType "team"]
[EventRounds "10"]
[EventCountry "RUS"]
[Source "lmi"]
[SourceDate "2005.04.30"]

1. c4 b6 2. Nf3 Bb7 3. g3 Bxf3 4. exf3 c5 5. Bg2 Nc6 6. O-O g6 7. Nc3 Bg7 8. d3
Nh6 9. f4 Nf5 10. a3 O-O 11. Rb1 e6 12. Bd2 a5 13. Nb5 d5 14. b4 axb4 15. axb4
cxb4 16. cxd5 exd5 17. Bxb4 Nxb4 18. Rxb4 Ra5 19. Qb3 Ne7 20. Nd4 Qa8 21. Nc2
Rc8 22. Rxb6 Ra2 23. Nb4 Rb2 24. Qd1 Qa7 25. Ra6 Qd4 26. Na2 Rcc2 27. Qe1 Re2
28. Ra8+ Bf8 29. Qc3 Rxf2 0-1

[Event "Rusia tch 2005 femenino"]
[Site "Dagomys RUS"]
[Date "2005.04.20"]
[Round "2.1"]
[White "Melnikova, Yana"]
[Black "Zhukova, Natalia"]
[Result "0-1"]
[WhiteElo "2301"]
[BlackElo "2479"]
[PlyCount "86"]
[EventDate "2005.04.18"]
[EventType "team"]
[EventRounds "10"]
[EventCountry "RUS"]
[Source "lmi"]
[SourceDate "2005.04.30"]

1. e4 e6 2. d4 d5 3. e5 c5 4. c3 Nc6 5. Nf3 Bd7 6. a3 f6 7. Bd3 Qc7 8. O-O
O-O-O 9. Re1 fxe5 10. Nxe5 Nxe5 11. dxe5 Ne7 12. Nd2 Nc6 13. Nf3 Be7 14. b4
Rdf8 15. bxc5 Bxc5 16. Be3 Bxe3 17. Rxe3 g5 18. Qe1 g4 19. Nd4 Na5 20. Rb1 Kb8
21. Rb4 Ka8 22. f4 gxf3 23. Rxf3 Rxf3 24. Nxf3 Nc4 25. Bxc4 dxc4 26. Qe4 Bc6
27. Qxc4 Qa5 28. Nd4 Bd5 29. Ra4 Bxc4 30. Rxa5 Rc8 31. Kf2 b6 32. Ra4 a5 33.
Nf3 Bd3 34. Rd4 Rxc3 35. Rd6 Bc4 36. a4 Ra3 37. Rxb6 Rxa4 38. Nd4 Rb4 39. Rxb4
axb4 40. Nc2 b3 41. Na3 b2 42. Ke3 Ba2 43. g4 Kb7 0-1

[Event "Rusia tch 2005 femenino"]
[Site "Dagomys RUS"]
[Date "2005.04.20"]
[Round "2.2"]
[White "Kosintseva, Tatiana"]
[Black "Dolgova, Olga"]
[Result "1-0"]
[WhiteElo "2486"]
[BlackElo "2176"]
[PlyCount "58"]
[EventDate "2005.04.18"]
[EventType "team"]
[EventRounds "10"]
[EventCountry "RUS"]
[Source "lmi"]
[SourceDate "2005.04.30"]

1. e4 c6 2. d4 d5 3. exd5 cxd5 4. c4 Nf6 5. Nc3 Nc6 6. Bg5 Be6 7. a3 g6 8. Be2
h6 9. Bxf6 exf6 10. Bf3 Ne7 11. cxd5 Nxd5 12. Nxd5 Bxd5 13. Qa4+ Ke7 14. O-O-O
f5 15. Kb1 a6 16. Qb4+ Kd7 17. Qe1 Bb3 18. Rd3 Qb6 19. Qc3 Ba4 20. Qc4 Bb5 21.
Qxf7+ Be7 22. Re3 Rae8 23. Ne2 Qd6 24. Nc3 Ref8 25. Qb3 Bc6 26. d5 Bb5 27. Nxb5
axb5 28. Qxb5+ Kc7 29. Re6 Kd8 1-0

[Event "Rusia tch 2005 femenino"]
[Site "Dagomys RUS"]
[Date "2005.04.20"]
[Round "2.3"]
[White "Zakurdjaeva, Irina"]
[Black "Kosintseva, Nadezhda"]
[Result "0-1"]
[WhiteElo "2260"]
[BlackElo "2459"]
[PlyCount "72"]
[EventDate "2005.04.18"]
[EventType "team"]
[EventRounds "10"]
[EventCountry "RUS"]
[Source "lmi"]
[SourceDate "2005.04.30"]

1. e4 c5 2. Nf3 d6 3. d4 cxd4 4. Nxd4 Nf6 5. Nc3 Nc6 6. f3 e5 7. Nb3 Be7 8. Be3
O-O 9. Qd2 a5 10. Bb5 Be6 11. O-O-O Na7 12. Be2 b5 13. Bxa7 Rxa7 14. Nxb5 Ra8
15. Kb1 a4 16. Nc1 Qb6 17. g4 Rfc8 18. c4 Rab8 19. Qb4 d5 20. Qxe7 dxc4 21. Rd2
Qxb5 22. Rhd1 Qa5 23. g5 c3 24. Rc2 Rxb2+ 25. Rxb2 cxb2 26. Kxb2 a3+ 27. Qxa3
Qb6+ 28. Nb3 Qe3 29. Qa6 Qc3+ 30. Ka3 Rb8 31. Bb5 Bxb3 32. axb3 Nd7 33. Qc6 Nc5
34. Qd5 g6 35. Bc4 Qa5+ 36. Kb2 Na4+ 0-1

[Event "Rusia tch 2005 femenino"]
[Site "Dagomys RUS"]
[Date "2005.04.20"]
[Round "2.4"]
[White "Kovalevskaya, Ekaterina"]
[Black "Semenova, Irina"]
[Result "1-0"]
[WhiteElo "2469"]
[BlackElo "2292"]
[PlyCount "219"]
[EventDate "2005.04.18"]
[EventType "team"]
[EventRounds "10"]
[EventCountry "RUS"]
[Source "lmi"]
[SourceDate "2005.04.30"]

1. e4 e5 2. Nf3 Nc6 3. Nc3 Nf6 4. g3 d5 5. exd5 Nxd5 6. Bg2 Nxc3 7. bxc3 Bd6 8.
O-O O-O 9. d3 Bg4 10. h3 Bh5 11. Qe1 Rb8 12. Nd2 Re8 13. Rb1 Qd7 14. Qe4 Nd8
15. Nc4 f5 16. Qh4 Bf7 17. Nxd6 cxd6 18. f4 Bxa2 19. Ra1 Be6 20. Rxa7 Qc7 21.
fxe5 dxe5 22. Qb4 Rc8 23. c4 e4 24. Bf4 Qd7 25. Qd6 Qf7 26. Rb1 Rc6 27. Qa3 Bc8
28. Rf1 Ne6 29. dxe4 Nxf4 30. Rxf4 Rxc4 31. Qb3 Rc7 32. exf5 Qxb3 33. cxb3 Re3
34. Bd5+ Kf8 35. Rc4 Rxg3+ 36. Kf2 Rc3 37. h4 R3xc4 38. bxc4 Ke7 39. Ke3 Kd6
40. Kd4 Bxf5 41. Bxb7 Bd7 42. Ra6+ Ke7 43. Bd5 Bf5 44. Ra8 Bg6 45. c5 Be8 46.
Ra1 Kd8 47. Ra6 Bd7 48. Ra8+ Rc8 49. Ra1 Rc7 50. Rf1 Be8 51. Ra1 Bd7 52. Ra5
Ke7 53. Ra8 Be8 54. Rb8 Ra7 55. c6 Ra4+ 56. Ke5 Bxc6 57. Bxc6 Rxh4 58. Rb7+ Kf8
59. Bd5 Rh5+ 60. Kd6 Rh6+ 61. Be6 g5 62. Ke5 Rg6 63. Bf7 Rh6 64. Bd5 g4 65.
Rf7+ Kg8 66. Rf4+ Kg7 67. Rxg4+ Rg6 68. Ra4 Rg5+ 69. Ke6 Rg6+ 70. Kf5 Rf6+ 71.
Ke5 Rg6 72. Ra7+ Kh6 73. Be4 Rg7 74. Ra1 Kg5 75. Rg1+ Kh6 76. Rf1 Kg5 77. Rf5+
Kg4 78. Rf4+ Kg5 79. Rf1 Re7+ 80. Kd4 h5 81. Ke3 h4 82. Rg1+ Kh5 83. Kf4 Rf7+
84. Bf5 Rf8 85. Rg5+ Kh6 86. Kg4 h3 87. Rh5+ Kg7 88. Rxh3 Rh8 89. Re3 Kf6 90.
Re6+ Kf7 91. Rb6 Rg8+ 92. Kf4 Ra8 93. Be6+ Ke7 94. Ke5 Ra5+ 95. Bd5 Ra7 96. Rg6
Ra1 97. Rg7+ Kf8 98. Rf7+ Ke8 99. Rb7 Kf8 100. Be6 Rh1 101. Rc7 Rh5+ 102. Kd6
Rh1 103. Rf7+ Ke8 104. Rg7 Rh8 105. Rg3 Kf8 106. Rg2 Ke8 107. Rg1 Kf8 108. Rg6
Ke8 109. Rf6 Rh2 110. Bd7+ 1-0

[Event "Rusia tch 2005 femenino"]
[Site "Dagomys RUS"]
[Date "2005.04.20"]
[Round "2.5"]
[White "Slavina, Irina"]
[Black "Kirillova, Varvara"]
[Result "1-0"]
[WhiteElo "2415"]
[BlackElo "2240"]
[PlyCount "65"]
[EventDate "2005.04.18"]
[EventType "team"]
[EventRounds "10"]
[EventCountry "RUS"]
[Source "lmi"]
[SourceDate "2005.04.30"]

1. d4 Nf6 2. c4 d6 3. Nc3 Nbd7 4. e4 e5 5. Nf3 Be7 6. Be2 O-O 7. O-O c6 8. Be3
Ng4 9. Bd2 a6 10. d5 h6 11. Ne1 Ngf6 12. Nd3 c5 13. Be3 b5 14. cxb5 axb5 15. b4
Ba6 16. a3 Qc7 17. Qd2 Nb6 18. Nb2 Qd7 19. h3 Rfb8 20. Rfc1 cxb4 21. axb4 Bd8
22. Ra3 Ne8 23. Rxa6 Rxa6 24. Bxb5 Nc4 25. Bxd7 Nxd2 26. Bxd2 Nf6 27. b5 Ra3
28. Bc6 Bc7 29. Nc4 Rb3 30. Be3 Rb4 31. Na2 Rb3 32. b6 Bd8 33. Ba4 1-0

[Event "Rusia tch 2005 femenino"]
[Site "Dagomys RUS"]
[Date "2005.04.21"]
[Round "3.1"]
[White "Stefanova, Antoaneta"]
[Black "Galliamova, Alisa"]
[Result "0-1"]
[WhiteElo "2495"]
[BlackElo "2469"]
[PlyCount "90"]
[EventDate "2005.04.18"]
[EventType "team"]
[EventRounds "10"]
[EventCountry "RUS"]
[Source "lmi"]
[SourceDate "2005.04.30"]

1. d4 d5 2. c4 c6 3. cxd5 cxd5 4. Bf4 Nc6 5. e3 Nf6 6. Nc3 e6 7. Bd3 Be7 8. Rc1
O-O 9. h3 Bd7 10. Nf3 Qb6 11. Qe2 Rfc8 12. O-O Be8 13. Rfd1 Qd8 14. Ne5 a6 15.
Bb1 b5 16. a3 Na5 17. Ba2 b4 18. axb4 Bxb4 19. Bg5 Be7 20. Bxf6 Bxf6 21. Ng4
Be7 22. e4 Bg5 23. Rc2 Bb5 24. Nxb5 Rxc2 25. Qxc2 axb5 26. exd5 exd5 27. f4 Be7
28. Bb1 g6 29. f5 Bf8 30. Qf2 Bg7 31. f6 Bf8 32. h4 Nc4 33. h5 Ra1 34. Qh4 Qd6
35. Rf1 Rxb1 36. Rxb1 Qf4 37. hxg6 hxg6 38. Re1 Nd6 39. Rf1 Qxd4+ 40. Kh2 Qd2
41. Qf2 Qg5 42. Qf4 Qh4+ 43. Kg1 Ne4 44. Rc1 Ng3 45. Rc2 Bc5+ 0-1

[Event "Rusia tch 2005 femenino"]
[Site "Dagomys RUS"]
[Date "2005.04.21"]
[Round "3.3"]
[White "Kosintseva, Tatiana"]
[Black "Zaiatz, Elena"]
[Result "1/2-1/2"]
[WhiteElo "2486"]
[BlackElo "2398"]
[PlyCount "90"]
[EventDate "2005.04.18"]
[EventType "team"]
[EventRounds "10"]
[EventCountry "RUS"]
[Source "lmi"]
[SourceDate "2005.04.30"]

1. e4 e5 2. Nf3 Nc6 3. Nc3 Nf6 4. d4 exd4 5. Nxd4 Bb4 6. Nxc6 bxc6 7. Bd3 d5 8.
exd5 cxd5 9. O-O O-O 10. Bf4 Bd6 11. Qd2 c6 12. Ne2 Re8 13. Ng3 Bxf4 14. Qxf4
Be6 15. c3 Qb8 16. Qd2 Qc7 17. Bc2 Rab8 18. b3 c5 19. Rfe1 Rbd8 20. Rac1 h6 21.
Bb1 Bc8 22. f3 Qb6 23. Qf2 Qa5 24. Ne2 Ba6 25. Nf4 Rxe1+ 26. Qxe1 Re8 27. Qf2
Qc7 28. Qd2 Qe5 29. Rd1 d4 30. cxd4 cxd4 31. Nd3 Bxd3 32. Bxd3 Rd8 33. Re1 Qc5
34. Rc1 Qb6 35. Qf4 Nd5 36. Qe4 g6 37. Rc4 Nb4 38. a3 Nxd3 39. Qxd3 Kg7 40. Rc1
a5 41. Rd1 Rb8 42. b4 axb4 43. axb4 Qxb4 44. Qxd4+ Qxd4+ 45. Rxd4 Rb2 1/2-1/2

[Event "Rusia tch 2005 femenino"]
[Site "Dagomys RUS"]
[Date "2005.04.21"]
[Round "3.4"]
[White "Kirillova, Varvara"]
[Black "Kovalevskaya, Ekaterina"]
[Result "1-0"]
[WhiteElo "2240"]
[BlackElo "2469"]
[PlyCount "127"]
[EventDate "2005.04.18"]
[EventType "team"]
[EventRounds "10"]
[EventCountry "RUS"]
[Source "lmi"]
[SourceDate "2005.04.30"]

1. e4 c5 2. Nf3 Nc6 3. d4 cxd4 4. Nxd4 e5 5. Nb5 d6 6. N1c3 a6 7. Na3 b5 8. Nd5
Nf6 9. Bg5 Be7 10. Bxf6 Bxf6 11. c3 O-O 12. Be2 Bg5 13. O-O Kh8 14. Nc2 f5 15.
Bf3 Ra7 16. a4 bxa4 17. Rxa4 Na5 18. exf5 Bxf5 19. Nce3 Bd7 20. Ra3 Bc6 21. b4
Bxe3 22. Rxa5 Bb6 23. Ra2 Qg5 24. Kh1 Bd8 25. c4 a5 26. b5 Ba8 27. Rb2 Raf7 28.
b6 Bb7 29. Be4 Qh4 30. Qe2 a4 31. g3 Qh3 32. f3 Qc8 33. Kg2 Bc6 34. Rfb1 Rb7
35. Qe3 Qb8 36. Rb4 h6 37. Bc2 Bxd5 38. cxd5 a3 39. Qxa3 e4 40. Bxe4 Bf6 41.
Bc2 Qe8 42. Qd3 g5 43. Ba4 Qf7 44. Bc6 Rbb8 45. b7 Qg7 46. Ra4 Bd8 47. Ra8 Bc7
48. Rb4 Kg8 49. Qe4 h5 50. Qe6+ Kh7 51. Rxb8 Bxb8 52. Re4 Rf7 53. Re2 g4 54. f4
h4 55. Qe4+ Kh8 56. gxh4 Qc3 57. Qe3 Qf6 58. h5 Kg7 59. Qe6 Qxf4 60. Qg6+ Kh8
61. Re8+ Rf8 62. Rxf8+ Qxf8 63. Qe8 Qxe8 64. Bxe8 1-0

[Event "Rusia tch 2005 femenino"]
[Site "Dagomys RUS"]
[Date "2005.04.21"]
[Round "3.5"]
[White "Molchanova, Tatjana"]
[Black "Slavina, Irina"]
[Result "0-1"]
[WhiteElo "2315"]
[BlackElo "2415"]
[PlyCount "86"]
[EventDate "2005.04.18"]
[EventType "team"]
[EventRounds "10"]
[EventCountry "RUS"]
[Source "lmi"]
[SourceDate "2005.04.30"]

1. e4 e5 2. Nf3 Nc6 3. d4 exd4 4. c3 d3 5. Bxd3 d6 6. Nd4 Ne5 7. Bc2 Nf6 8. O-O
Be7 9. f4 Ng6 10. Nf5 O-O 11. Nxe7+ Qxe7 12. Re1 Re8 13. c4 d5 14. cxd5 Ng4 15.
Be3 Nxe3 16. Rxe3 Qc5 17. Qd2 Nxf4 18. Nc3 Bd7 19. Rf1 Ng6 20. Kh1 Ne5 21. Rg3
Ng6 22. a3 Qd6 23. Qf2 Re7 24. Nd1 Rae8 25. Ne3 Kh8 26. Bd3 Qb6 27. b4 Qd4 28.
Bb1 f6 29. Rd1 Qb6 30. Qd2 Ne5 31. Qc3 Qd6 32. Qd4 b6 33. Qb2 h5 34. Nf1 Bb5
35. Qc2 Bxf1 36. Rxf1 g6 37. Rc3 Ng4 38. g3 Rxe4 39. Qd2 Re2 40. Qd4 Rxh2+ 41.
Kg1 Ree2 42. Be4 Rh3 43. Rff3 Re1+ 0-1

[Event "Rusia tch 2005 femenino"]
[Site "Dagomys RUS"]
[Date "2005.04.22"]
[Round "4.1"]
[White "Vasilevich, Irina"]
[Black "Stefanova, Antoaneta"]
[Result "0-1"]
[WhiteElo "2347"]
[BlackElo "2495"]
[PlyCount "88"]
[EventDate "2005.04.18"]
[EventType "team"]
[EventRounds "10"]
[EventCountry "RUS"]
[Source "lmi"]
[SourceDate "2005.04.30"]

1. c4 Nf6 2. Nc3 e5 3. Nf3 Nc6 4. a3 d5 5. cxd5 Nxd5 6. Qc2 Nb6 7. e3 a6 8. b4
g6 9. Bb2 Bg7 10. Be2 O-O 11. O-O f5 12. d3 Be6 13. Rac1 Qe7 14. Na4 Nxa4 15.
Qxa4 Bd5 16. Rc5 Qd6 17. e4 Bf7 18. Ng5 Be8 19. Qb3+ Kh8 20. exf5 Rxf5 21. Ne4
Qe7 22. Re1 Rd8 23. Ng3 Qf7 24. Qxf7 Rxf7 25. h4 Nd4 26. Bxd4 Rxd4 27. Ne4 Bb5
28. Ng5 Re7 29. Nf3 Rdd7 30. Bf1 b6 31. Rcc1 Bxd3 32. Bxd3 Rxd3 33. Rcd1 Rxd1
34. Rxd1 Bf6 35. Rd8+ Kg7 36. Ng5 e4 37. Ra8 h6 38. Nh3 e3 39. fxe3 Rxe3 40.
Ra7 Be5 41. Kf2 Rxa3 42. Ke2 Ra4 43. Nf2 Rxb4 44. Nd3 Rxh4 0-1

[Event "Rusia tch 2005 femenino"]
[Site "Dagomys RUS"]
[Date "2005.04.22"]
[Round "4.3"]
[White "Ubiennykh, Ekaterina"]
[Black "Kosintseva, Tatiana"]
[Result "1/2-1/2"]
[WhiteElo "2327"]
[BlackElo "2486"]
[PlyCount "83"]
[EventDate "2005.04.18"]
[EventType "team"]
[EventRounds "10"]
[EventCountry "RUS"]
[Source "lmi"]
[SourceDate "2005.04.30"]

1. e4 c5 2. c3 d5 3. exd5 Qxd5 4. d4 Nf6 5. Nf3 Bg4 6. Be2 cxd4 7. cxd4 e6 8.
Nc3 Qd8 9. O-O Nc6 10. h3 Bh5 11. Qb3 Bb4 12. a3 Bxc3 13. bxc3 Qc8 14. Rb1 b6
15. Qa4 O-O 16. Bf4 Nd5 17. Bd2 Bxf3 18. Bxf3 Na5 19. Rfc1 Nc4 20. Bg5 Qc7 21.
Be2 Rfc8 22. Qa6 h6 23. Bh4 Qc6 24. Bg3 f5 25. Be5 Nxe5 26. dxe5 Qc7 27. Bf3
Qc4 28. Qb7 Nxc3 29. Kh1 Rab8 30. Qxa7 Qd4 31. Qa6 Rd8 32. Rb3 Ne4 33. Bxe4
fxe4 34. Qe2 Qxe5 35. Re3 Qa5 36. Qc4 Qd2 37. Qxe6+ Kh8 38. Rf1 Re8 39. Qg6 Qd4
40. Rfe1 Rf8 41. Qg3 Rbc8 42. Rxe4 1/2-1/2

[Event "Rusia tch 2005 femenino"]
[Site "Dagomys RUS"]
[Date "2005.04.22"]
[Round "4.4"]
[White "Kovalevskaya, Ekaterina"]
[Black "Molchanova, Tatjana"]
[Result "1-0"]
[WhiteElo "2469"]
[BlackElo "2315"]
[PlyCount "99"]
[EventDate "2005.04.18"]
[EventType "team"]
[EventRounds "10"]
[EventCountry "RUS"]
[Source "lmi"]
[SourceDate "2005.04.30"]

1. e4 c5 2. Nf3 e6 3. d4 cxd4 4. Nxd4 Qb6 5. Nb3 Qc7 6. Bd3 Nc6 7. Nc3 a6 8.
O-O Nf6 9. f4 d6 10. a4 Be7 11. Qf3 O-O 12. a5 Nb4 13. Be3 Bd7 14. Qg3 Kh8 15.
Nd2 Nxd3 16. cxd3 Bb5 17. Bd4 Ne8 18. Rfc1 Qd7 19. Nc4 Bd8 20. Nxb5 axb5 21.
Nb6 Bxb6 22. Bxb6 f5 23. Rc3 fxe4 24. dxe4 Qf7 25. e5 Qf5 26. Rac1 d5 27. Qg5
Qf7 28. Rc8 Rxc8 29. Rxc8 g6 30. g3 Qd7 31. Rc1 Kg8 32. Qd8 Qxd8 33. Bxd8 Rf7
34. Bb6 Rd7 35. Kf2 Kf7 36. g4 Ke7 37. Ke2 b4 38. Kd3 Kf7 39. Rc8 Ke7 40. h3
Kf7 41. b3 Ke7 42. Bc5+ Kf7 43. Rb8 h5 44. Bxb4 hxg4 45. hxg4 Rc7 46. Ba3 Rd7
47. Bc5 Rc7 48. b4 Rd7 49. b5 Rc7 50. Kd4 1-0

[Event "Rusia tch 2005 femenino"]
[Site "Dagomys RUS"]
[Date "2005.04.22"]
[Round "4.5"]
[White "Galliamova, Alisa"]
[Black "Semenova, Irina"]
[Result "1-0"]
[WhiteElo "2469"]
[BlackElo "2292"]
[PlyCount "83"]
[EventDate "2005.04.18"]
[EventType "team"]
[EventRounds "10"]
[EventCountry "RUS"]
[Source "lmi"]
[SourceDate "2005.04.30"]

1. d4 Nf6 2. c4 g6 3. Nc3 Bg7 4. e4 d6 5. f3 O-O 6. Nge2 e5 7. Bg5 c6 8. Qd2
Nbd7 9. O-O-O Qa5 10. Kb1 a6 11. d5 cxd5 12. Nxd5 Qxd2 13. Ne7+ Kh8 14. Rxd2
Re8 15. Nxc8 Raxc8 16. Rxd6 Rxc4 17. Nc3 Rc7 18. g3 h6 19. Be3 Bf8 20. Rd1 Kg7
21. Bh3 Nc5 22. Nd5 Nxd5 23. Rxd5 f6 24. Rc1 Ne6 25. Rxc7+ Nxc7 26. Rd7+ Re7
27. Rxe7+ Bxe7 28. Bc8 b5 29. Bb6 Bd6 30. b4 f5 31. Kc2 Kf6 32. Kc3 h5 33. Bxc7
Bxc7 34. Bxa6 Bb6 35. Bxb5 Bg1 36. h3 Bf2 37. Kc4 Bxg3 38. Kd5 g5 39. exf5 Kxf5
40. Be8 g4 41. fxg4+ hxg4 42. Bd7+ 1-0

[Event "Rusia tch 2005 femenino"]
[Site "Dagomys RUS"]
[Date "2005.04.23"]
[Round "5.3"]
[White "Korbut, Ekaterina"]
[Black "Mkrtchian, Lilit"]
[Result "1-0"]
[WhiteElo "2399"]
[BlackElo "2400"]
[PlyCount "131"]
[EventDate "2005.04.18"]
[EventType "team"]
[EventRounds "10"]
[EventCountry "RUS"]
[Source "lmi"]
[SourceDate "2005.04.30"]

1. e4 e5 2. Nf3 Nc6 3. Bb5 a6 4. Ba4 Nf6 5. O-O Be7 6. Re1 b5 7. Bb3 d6 8. c3
O-O 9. h3 Na5 10. Bc2 c5 11. d4 Qc7 12. d5 Nc4 13. Qe2 Nb6 14. Nbd2 g6 15. Nf1
Nh5 16. Bh6 Re8 17. Ng3 Nxg3 18. fxg3 Bf8 19. Be3 Bg7 20. Rf1 Rf8 21. Nh4 a5
22. Bd3 c4 23. Bc2 b4 24. Qf2 Rb8 25. g4 Bd7 26. cxb4 axb4 27. Rfc1 Rfc8 28.
Nf3 Qd8 29. Bd1 Na4 30. Ne1 Rb7 31. Rab1 Rbb8 32. Bxa4 Bxa4 33. b3 Bb5 34. bxc4
Bxc4 35. Rb2 Qa5 36. Qd2 Qa3 37. Rcb1 Bf8 38. Bg5 Rb7 39. Rc1 Rbb8 40. Rcb1
Qa7+ 41. Kh2 Rb7 42. Rc1 Rbb8 43. Rxb4 Rxb4 44. Qxb4 Qxa2 45. Nf3 Qa6 46. Qc3
Qa4 47. Bf6 Ba6 48. Qxc8 Bxc8 49. Rxc8 h6 50. g5 h5 51. Be7 Qd7 52. Rxf8+ Kg7
53. Nxe5 dxe5 54. d6 Qa4 55. Rd8 f5 56. gxf6+ Kf7 57. d7 Qxe4 58. Rf8+ Ke6 59.
d8=Q Qf4+ 60. Kg1 Qc1+ 61. Kf2 Qf4+ 62. Ke2 Qe4+ 63. Kd2 Qf4+ 64. Kc2 Qa4+ 65.
Kb2 Qb5+ 66. Ka3 1-0

[Event "Rusia tch 2005 femenino"]
[Site "Dagomys RUS"]
[Date "2005.04.23"]
[Round "5.5"]
[White "Kirillova, Varvara"]
[Black "Galliamova, Alisa"]
[Result "0-1"]
[WhiteElo "2240"]
[BlackElo "2469"]
[PlyCount "80"]
[EventDate "2005.04.18"]
[EventType "team"]
[EventRounds "10"]
[EventCountry "RUS"]
[Source "lmi"]
[SourceDate "2005.04.30"]

1. e4 c5 2. Nf3 Nc6 3. d4 cxd4 4. Nxd4 Nf6 5. Nc3 d6 6. Be3 Ng4 7. Bg5 h6 8.
Bh4 g5 9. Bg3 Bg7 10. Nb3 Bxc3+ 11. bxc3 Be6 12. Be2 Nge5 13. h4 Rg8 14. hxg5
hxg5 15. f3 Qc7 16. Nd4 Bc4 17. Rh7 Bxe2 18. Nxe2 O-O-O 19. Qd5 e6 20. Qb5 a6
21. Qa4 g4 22. Kf2 gxf3 23. gxf3 Qb6+ 24. Nd4 Qc5 25. Rd1 Qxc3 26. Qb3 Qc5 27.
c3 Rd7 28. Bf4 Na5 29. Qb4 Nac4 30. Rhh1 Qxb4 31. cxb4 Nb2 32. Rb1 Ned3+ 33.
Kf1 Nc4 34. Bc1 d5 35. exd5 Rxd5 36. Ne2 b5 37. Nc3 Rf5 38. Rh3 Nce5 39. Ke2
Rg2+ 40. Ke3 Rf2 0-1

[Event "Rusia tch 2005 femenino"]
[Site "Dagomys RUS"]
[Date "2005.04.24"]
[Round "6.1"]
[White "Guseva, Marina"]
[Black "Stefanova, Antoaneta"]
[Result "0-1"]
[WhiteElo "2264"]
[BlackElo "2495"]
[PlyCount "62"]
[EventDate "2005.04.18"]
[EventType "team"]
[EventRounds "10"]
[EventCountry "RUS"]
[Source "lmi"]
[SourceDate "2005.04.30"]

1. d4 d5 2. c4 c6 3. Nf3 Nf6 4. Nc3 a6 5. c5 Nbd7 6. h3 Qc7 7. Bg5 h6 8. Bh4
Nh5 9. g4 g5 10. gxh5 gxh4 11. Rg1 Rh7 12. e3 Rg7 13. Rxg7 Bxg7 14. Nxh4 b6 15.
Qg4 Bf8 16. cxb6 Qxb6 17. O-O-O Rb8 18. Rd2 Nf6 19. Qf3 Qa5 20. Bd3 Be6 21. Ng2
Rc8 22. a3 c5 23. Nf4 cxd4 24. exd4 Bd7 25. Nfe2 Ne4 26. Bxe4 dxe4 27. Qxe4
Qxh5 28. Nf4 Qg5 29. Qe3 h5 30. h4 Qxh4 31. Nfd5 Qh1+ 0-1

[Event "Rusia tch 2005 femenino"]
[Site "Dagomys RUS"]
[Date "2005.04.24"]
[Round "6.2"]
[White "Kosintseva, Tatiana"]
[Black "Tairova, Elena"]
[Result "1-0"]
[WhiteElo "2486"]
[BlackElo "2287"]
[PlyCount "93"]
[EventDate "2005.04.18"]
[EventType "team"]
[EventRounds "10"]
[EventCountry "RUS"]
[Source "lmi"]
[SourceDate "2005.04.30"]

1. e4 e6 2. d4 d5 3. Nc3 Nf6 4. Bg5 Bb4 5. e5 h6 6. Bh4 g5 7. Bg3 Ne4 8. Nge2
c5 9. a3 Bxc3+ 10. Nxc3 Qa5 11. Qd3 Nc6 12. dxc5 Bd7 13. O-O-O Nxc5 14. Qb5
Qxb5 15. Nxb5 Ke7 16. Nd6 a5 17. c4 dxc4 18. Bxc4 a4 19. f4 Na5 20. Be2 Bc6 21.
f5 Nab3+ 22. Kb1 Ne4 23. f6+ Kf8 24. Be1 Kg8 25. h4 g4 26. h5 Nxd6 27. Rxd6 Nc5
28. Bb4 Nd7 29. Bc3 Nc5 30. Bb4 Nd7 31. Bc3 Nc5 32. Rh4 Be4+ 33. Kc1 Bf5 34.
Bxg4 Kh7 35. Bf3 Rhd8 36. Rc4 Nd3+ 37. Kd2 Kg8 38. Rcd4 Rxd6 39. Rxd6 Nc5 40.
Ke3 Rc8 41. Bb4 b6 42. Rxb6 Nd7 43. Rb5 Bc2 44. Bd6 Bb3 45. Rb7 Nc5 46. Bxc5
Rxc5 47. Rb8+ 1-0

[Event "Rusia tch 2005 femenino"]
[Site "Dagomys RUS"]
[Date "2005.04.25"]
[Round "7.2"]
[White "Dolgova, Olga"]
[Black "Mkrtchian, Lilit"]
[Result "0-1"]
[WhiteElo "2176"]
[BlackElo "2400"]
[PlyCount "78"]
[EventDate "2005.04.18"]
[EventType "team"]
[EventRounds "10"]
[EventCountry "RUS"]
[Source "lmi"]
[SourceDate "2005.04.30"]

1. d4 e6 2. c4 d5 3. Nc3 Be7 4. Nf3 Nf6 5. Bg5 h6 6. Bxf6 Bxf6 7. cxd5 exd5 8.
e3 O-O 9. Bd3 Re8 10. O-O c6 11. Qc2 Bg4 12. Nd2 Nd7 13. b4 a6 14. a4 Be6 15.
Rab1 Be7 16. Ne2 Bd6 17. Ng3 Rc8 18. Rfe1 Nf6 19. Rb2 Rc7 20. Qc3 h5 21. Nb3
Bc8 22. Nc5 g6 23. Rbe2 h4 24. Nf1 Ne4 25. Qc2 h3 26. f3 Ng5 27. Nd2 hxg2 28.
Rxg2 Nh3+ 29. Kh1 Nf4 30. Rgg1 Qh4 31. Ndb3 Rce7 32. e4 Nxd3 33. Nxd3 dxe4 34.
Ne5 Bxe5 35. Rxe4 Bf5 36. Rxh4 Bxc2 37. Na1 Bf6 38. Rf4 Bf5 39. Rxf5 Bxd4 0-1